000 00450nam a2200145Ia 4500
003 OSt
005 20260226115313.0
008 211028s2019 xx 000 0 und d
040 _cAIMIT LIBRARY
041 _aeng
100 _aFurtado, Ralen Glen; Krishna, Vinay.
_g1716150
_98127
245 _aStudy and analysis on returns of an e-commernce company with reference to Elanic pvt. ltd /
260 _aMangalore
_bVasantha G
_c2019
942 _2ddc
_cPRO
999 _c219695
_d219695